| 000 | 01155nam a2200325 i 4500 | ||
|---|---|---|---|
| 003 | EG-GICUC | ||
| 005 | 20260428080031.0 | ||
| 008 | 260428s1954 fr ||fr|||| 00| 0 fre d | ||
| 040 |
_aEG-GiCUC _bfre _cEG-GiCUC _dEG-GiCUC _erda |
||
| 041 | 0 | _afre | |
| 082 | 0 | 4 |
_221 _a343.303 _bRE |
| 092 | 0 | 4 | _221 |
| 099 | _aLaw1 10 343.303 RE 1954 | ||
| 245 | 0 | 0 |
_aRépertoire De Droit Pénal Et De Procédure Pénale . _nTome II, _pFaillite - Warrant / _cPublié Sous La Direction De M.Antonin Besson;Secrétaire De La RédactionM Léauté-pavie. |
| 246 | 1 | 8 | _aDroit Pénal II F - W |
| 264 | 1 |
_aParis : _bJurisprudence Générale Dalloz, _c1954. |
|
| 300 |
_a1024 pages : _billustration , _c26 cm |
||
| 336 |
_2rda content _atext |
||
| 337 |
_2rda media _aComputer |
||
| 338 |
_2rda carrier _aOnline Resource |
||
| 504 | _aBibliography: pages 200-250. 240-220 | ||
| 546 | _aTexte en français | ||
| 650 | 1 | 4 |
_aDroit pénal _2qrmak |
| 651 | 1 | _2qrmak | |
| 700 | 1 |
_aBesson, Antonin _eContributeur |
|
| 700 | 1 |
_aLéauté-pavie, M _eContributeur |
|
| 856 | 4 | 0 | _uhttps://fll.law.cu.edu.eg/fulltext/bks/B10-11673.pdf |
| 905 | _a48 | ||
| 942 |
_2ddc _cREF _e21 _n0 |
||
| 999 |
_c73750 _d73750 |
||